000 00519cam a22002172a 4500
001 000261
003 AR-FADEU
008 311216n1992####xxu####################dd
020 _a84-309-1426-9
092 _a142.8
_bM123-2
100 _aMcCarthy, Thomas
245 _aLa teoría crítica de Jürgen Habermas
250 _a2a. ed
260 _aMadrid
260 _bTecnos
260 _c1992
300 _a479 p
440 _aFilosofía y ensayo
650 _aHABERMAS, JURGEN; TEORIA CRITICA
942 _cBDGR
999 _c6104
_d6104